000
00254 a2200097 4500
001
16673
100
_a
Ladenburg R.
245
_a
Physical measurements in gas dynamics & combustion
260
_a
London
_b
Oxford university press
_c
090
_c
12573
_d
12573
942
_a
NUST-CAE
_c
M
_c
2862
999
_c
251746
_d
251746